Identification of RAPD markers linked to a black leaf spot resistance gene in Chinese elm (Record no. 60651)

MARC details
000 -LEADER
fixed length control field 00524nam a2200181Ia 4500
100 ## - MAIN ENTRY--AUTHOR NAME
Personal name Benet H
245 #0 - TITLE STATEMENT
Title Identification of RAPD markers linked to a black leaf spot resistance gene in Chinese elm
260 ## - PUBLICATION, DISTRIBUTION, ETC. (IMPRINT)
Name of publisher Theoretical and Applied Genetics
Year of publication 1995
300 ## - PHYSICAL DESCRIPTION
Number of Pages 1068-1073
650 ## - SUBJECT ADDED ENTRY--TOPICAL TERM
Topical Term Bulked segregant analysis
650 ## - SUBJECT ADDED ENTRY--TOPICAL TERM
Topical Term Disease-resistance breeding
650 ## - SUBJECT ADDED ENTRY--TOPICAL TERM
Topical Term RAPD
700 ## - ADDED ENTRY--PERSONAL NAME
Personal name Boury S
700 ## - ADDED ENTRY--PERSONAL NAME
Personal name Guries R P
700 ## - ADDED ENTRY--PERSONAL NAME
Personal name Smalley E B
942 ## - ADDED ENTRY ELEMENTS (KOHA)
Koha item type Journals
Holdings
Withdrawn status Lost status Damaged status Not for loan Home library Current library Shelving location Date acquired Serial Enumeration / chronology Koha item type
      Journals RRII Library RRII Library RAPD 18/10/1995 Volume 90, Issue 08-Jul Journals